000 00794cab a2200241 4500
001 ABS58678
008 090401t1998 xxu||||| |||| 00| 0 eng d
035 _a(Sirsi) u86425
041 _aeng
100 _aLarkin, D
245 _aEmploying specialist practice pays off
260 _c1998
350 _a0
490 _aProperty Week
_v63(4) 8 May 1998, 36(1)
520 _aRecommends the use of specialist terms and conditions of employment for on-site staff involved in property management activities, compared to those situated at head-quarters.
650 _aEMPLOYMENT CONTRACTS
650 _aEMPLOYMENT TERMS
650 _aFACILITIES MANAGEMENT
_96240
650 _aProperty management
_96262
690 _aCOMMERCIAL PROPERTY-MANAGEMENT
942 _n0
948 _c28/05/1998
999 _c54391
_d54391